<?xml version="1.0" encoding="UTF-8"?>
<marc:record xmlns:marc="http://www.loc.gov/MARC21/slim">
   <marc:leader>00000nam a2200000 a 4500</marc:leader>
   <marc:datafield ind1="1" ind2=" " tag="100">
      <marc:subfield code="a">Swann, Leonie</marc:subfield>
      <marc:subfield code="4">ctb</marc:subfield>
      <marc:subfield code="e">Mitwirkende/-r</marc:subfield>
   </marc:datafield>
   <marc:datafield ind1="1" ind2=" " tag="100">
      <marc:subfield code="a">Sawatzki, Andrea</marc:subfield>
      <marc:subfield code="4">ctb</marc:subfield>
      <marc:subfield code="e">Mitwirkende/-r</marc:subfield>
   </marc:datafield>
   <marc:datafield ind1="1" ind2=" " tag="100">
      <marc:subfield code="a">Bruder, Frank</marc:subfield>
      <marc:subfield code="4">ctb</marc:subfield>
      <marc:subfield code="e">Mitwirkende/-r</marc:subfield>
   </marc:datafield>
   <marc:datafield ind1=" " ind2=" " tag="653">
      <marc:subfield code="a">vollständige Lesung</marc:subfield>
   </marc:datafield>
   <marc:datafield ind1=" " ind2=" " tag="653">
      <marc:subfield code="a">Andrea Sawatzki</marc:subfield>
   </marc:datafield>
   <marc:datafield ind1=" " ind2=" " tag="653">
      <marc:subfield code="a">Modernes Märchen</marc:subfield>
   </marc:datafield>
   <marc:datafield ind1=" " ind2=" " tag="653">
      <marc:subfield code="a">Flohzirkus</marc:subfield>
   </marc:datafield>
   <marc:datafield ind1=" " ind2=" " tag="653">
      <marc:subfield code="a">Kassette / Belletristik/Erzählende Literatur</marc:subfield>
   </marc:datafield>
   <marc:datafield ind1=" " ind2=" " tag="653">
      <marc:subfield code="a">CD</marc:subfield>
   </marc:datafield>
   <marc:datafield ind1=" " ind2=" " tag="653">
      <marc:subfield code="a">Erzählende Literatur: Gegenwartsliteratur ab 1945</marc:subfield>
   </marc:datafield>
   <marc:datafield ind1="0" ind2="0" tag="245">
      <marc:subfield code="a">Dunkelsprung</marc:subfield>
   </marc:datafield>
   <marc:datafield ind1="0" ind2="0" tag="245">
      <marc:subfield code="b">vielleicht kein Märchen ; vollständige Lesung</marc:subfield>
   </marc:datafield>
   <marc:datafield ind1="0" ind2="0" tag="245">
      <marc:subfield code="c">Leonie Swann. Gelesen von Andrea Sawatzki. Regie: Frank Bruder</marc:subfield>
   </marc:datafield>
   <marc:datafield ind1=" " ind2="1" tag="264">
      <marc:subfield code="a">München</marc:subfield>
      <marc:subfield code="b">Der Hörverl.</marc:subfield>
      <marc:subfield code="c">2014</marc:subfield>
   </marc:datafield>
   <marc:datafield ind1="1" ind2=" " tag="520">
      <marc:subfield code="a">Angaben aus der Verlagsmeldung

Dunkelsprung : Vielleicht kein Märchen / von Leonie Swann

Der NEUE GROSSE ROMAN der Bestsellerautorin

Julius Birdwell, Goldschmiedemeister, Flohdompteur und unfreiwilliger Einbruchkünstler, wünscht sich nichts sehnlicher, als endlich eine ruhige, unbescholtene Existenz führen zu können. Doch als seine Flohartisten einem plötzlichen Nachtfrost zum Opfer fallen und die geheimnisvolle Elizabeth Thorn in sein Leben tritt, überstürzen sich die Ereignisse. Ein Magier wird ohnmächtig, eine alte Dame macht sich in einem gestohlenen Lastwagen davon, ein Detektiv mit Konzentrationsstörungen findet zu einem ungewöhnlichen Haustier. Und plötzlich steht Julius vor einer Reihe ungelöster Fragen: Wie befreit man eine Meerjungfrau? Wie viele Flöhe passen auf eine Nadelspitze? Und warum ist das Leben trotz allem kein Märchen? Julius bleibt nichts anderes übrig, als sich weit über den Tellerrand seiner Welt hinauszulehnen und den Sprung ins Unbekannte zu wagen. Ein phantastisches Abenteuer beginnt …

(1 mp3-CD, Laufzeit: ca. 11h 10)

</marc:subfield>
   </marc:datafield>
   <marc:datafield ind1=" " ind2=" " tag="020">
      <marc:subfield code="a">9783844517323</marc:subfield>
      <marc:subfield code="9">9783844517323</marc:subfield>
   </marc:datafield>
   <marc:datafield ind1=" " ind2=" " tag="020">
      <marc:subfield code="a">3844517324</marc:subfield>
      <marc:subfield code="9">3844517324</marc:subfield>
   </marc:datafield>
   <marc:datafield ind1=" " ind2=" " tag="041">
      <marc:subfield code="a">ger</marc:subfield>
   </marc:datafield>
   <marc:datafield ind1=" " ind2=" " tag="300">
      <marc:subfield code="a">1 CD (MP3, ca. 11 Std. 26 Min.)</marc:subfield>
   </marc:datafield>
</marc:record>
